| 000 | 01021cab a2200265 4500 | ||
|---|---|---|---|
| 001 | X90764 | ||
| 008 | 090401t1998 xxu||||| |||| 00| 0 eng d | ||
| 035 | _a(Sirsi) u90764 | ||
| 041 | _aeng | ||
| 100 | _aBayliss, D. | ||
| 245 | _aIntegrated transport and the development process | ||
| 260 | _c1998 | ||
| 350 | _a0 | ||
| 490 |
_aJournal of Planning and Environment Law Occasional Paper _v(26) 1998, 38-51(14) |
||
| 520 | _aAn analysis of issues surrounding transport, including recent transport trends in Great Britain and their effects, the Transport White Paper and how new transport policies may effect future development, sustainable development and implications for the roles of developers and planning authorities. | ||
| 650 | _aDEVELOPMENT PROCESS | ||
| 650 | _aINTEGRATED TRANSPORT | ||
| 650 | _aSUSTAINABLE DEVELOPMENT | ||
| 650 | _aTRANSPORT POLICIES | ||
| 650 | _aTRANSPORT WHITE PAPER | ||
| 650 | _aTRANSPORT | ||
| 690 | _aTRANSPORT AND COMMUNICATIONS | ||
| 942 | _n0 | ||
| 948 | _c19/01/1999 | ||
| 999 |
_c57559 _d57559 |
||